Catálogo
 En Linea

Memorials of Columbus,or a collection of authentic documents of that celebrated navigator : (Registro nro. 33076)

Detalles MARC
000 -CABECERA
campo de control de longitud fija 01475nam a2200265 a 4500
001 - NÚMERO DE CONTROL
campo de control 000033585
003 - IDENTIFICADOR DEL NÚMERO DE CONTROL
campo de control DO-SdBNP
005 - FECHA Y HORA DE LA ÚLTIMA TRANSACCIÓN
campo de control 20250318152950.0
008 - DATOS DE LONGITUD FIJA--INFORMACIÓN GENERAL
campo de control de longitud fija 110901s1823 enk 000 0 eng d
040 ## - FUENTE DE LA CATALOGACIÓN
Centro catalogador/agencia de origen DO-SdBNP
Lengua de catalogación spa
Centro/agencia transcriptor BNPHU
100 ## - ENTRADA PRINCIPAL--NOMBRE DE PERSONA
Nombre de persona COLÓN, CRISTOBAL,
Fechas asociadas al nombre 1436-1456
9 (RLIN) 19795
245 10 - MENCIÓN DE TÍTULO
Título Memorials of Columbus,or a collection of authentic documents of that celebrated navigator :
Resto del título now first published from the original manuscripts, by order of the decurions of Genoa; preceded by a memoir of his life and discoveries /
Mención de responsabilidad, etc. translated from the Spanish and Italian by Gio. Batista Spotorno.
246 30 - FORMA VARIANTE DE TÍTULO
Título propio/Titulo breve Memorials of Columbus
246 30 - FORMA VARIANTE DE TÍTULO
Título propio/Titulo breve Collection of authentic documents of that celebrated navigator
246 30 - FORMA VARIANTE DE TÍTULO
Título propio/Titulo breve Historical memoir of Christopher Columbus and his discoveries
260 ## - PUBLICACIÓN, DISTRIBUCIÓN, ETC.
Lugar de publicación, distribución, etc. London :
Nombre del editor, distribuidor, etc. Treuttel and Wurtz, Treuttel jun., and Richter,
Fecha de publicación, distribución, etc. 1823.
300 ## - DESCRIPCIÓN FÍSICA
Extensión clix, 255 p. :
Otras características físicas il. ;
Dimensiones 22 cm.
505 0# - NOTA DE CONTENIDO CON FORMATO
Título Historical memoir of Christopher Columbus and his discoveries /
Mención de responsabilidad by D. Gio. Batista Spotorno . --
Título Letters, privileges, notes, and other writings of Don Christopher Columbus.
600 #0 - PUNTO DE ACCESO ADICIONAL DE MATERIA--NOMBRE DE PERSONA
Nombre de persona COLÓN, CRISTOBAL,
Fechas asociadas al nombre 1436-1456
9 (RLIN) 19795
650 24 - PUNTO DE ACCESO ADICIONAL DE MATERIA--TÉRMINO DE MATERIA
Término de materia o nombre geográfico como elemento de entrada Exploradores
Subdivisión geográfica España
Subdivisión general Biografía
9 (RLIN) 59078
651 #4 - PUNTO DE ACCESO ADICIONAL DE MATERIA--NOMBRE GEOGRÁFICO
Nombre geográfico América --
Subdivisión general Descubrimiento y exploración --
-- Españoles
Subdivisión de forma Ensayo, conferencias, etc.
9 (RLIN) 544
651 #4 - PUNTO DE ACCESO ADICIONAL DE MATERIA--NOMBRE GEOGRÁFICO
Nombre geográfico España
Subdivisión general Historia
Subdivisión cronológica FERNANDO E ISABEL, 1479-1516
9 (RLIN) 59080
700 1# - PUNTO DE ACCESO ADICIONAL--NOMBRE DE PERSONA
Nombre de persona Spotorno, Giovanni Battista,
Fechas asociadas al nombre 1788-1844
9 (RLIN) 59081
942 ## - ELEMENTOS DE PUNTO DE ACCESO ADICIONAL (KOHA)
Fuente del sistema de clasificación o colocación Dewey Decimal Classification
Tipo de ítem Koha Libro
Existencias
Estado de retiro Estado de pérdida Restricciones de uso No para préstamo Código de colección Localización permanente Ubicación/localización actual Ubicación en estantería Fecha de adquisición Número de inventario Total de préstamos Signatura topográfica completa Código de barras Fecha visto por última vez Precio válido a partir de Tipo de ítem Koha
      Excluido de préstamo Monografías: Libros y Folletos Patrimonio Dominicano Patrimonio Dominicano Depósito 01.09.2011 LF1   33585-10 25.06.2020 25.06.2020 No se presta

Con tecnología Koha